| 000 | 00424nam a22001697a 4500 | ||
|---|---|---|---|
| 003 | NUST - PNEC | ||
| 005 | 20170116181156.0 | ||
| 008 | 160112b xxu||||| |||| 00| 0 eng d | ||
| 020 | _a- | ||
| 040 | _cLIBRARY | ||
| 082 | _a923 IRF | ||
| 100 |
_915947 _aIrfan Ahmed |
||
| 245 |
_aSaiban (Yaadashtain) _cVoice Admiral (R) Irfan Ahmed |
||
| 260 | _aKarachi: | ||
| 650 |
_915949 _aArmed forces _xGeneral |
||
| 942 |
_2ddc _cBK |
||
| 999 |
_c71219 _d71219 |
||